| 000 | 00717cam a2200205 4500 | ||
|---|---|---|---|
| 001 | ##L132437 | ||
| 008 | 060208n1941 000 0 eng u | ||
| 035 | _a(Sirsi) u132437 | ||
| 041 | 0 | _aeng | |
| 050 | 0 | 4 | _a348.02 $2 2 |
| 100 | 1 | _aBidder, H. F. | |
| 245 | 0 | 0 | _aMemorandum upon the War Damage Act, 1941 |
| 260 |
_aLondon _bChartered Surveyors' Institution _c1941 |
||
| 300 |
_a196p. _c21cm. |
||
| 350 | _a5s. | ||
| 520 | _aAims to deconstruct the principle provisions of parts I, II and IV of the War Damage Act, 1941 with the use of reference notes. | ||
| 690 | _aABOUT RICS-RICS STRUCTURE AND GOVERNANCE-RICS ROYAL CHARTER AND BYE-LAWS | ||
| 710 | 2 |
_aChartered Surveyors' Institution _92274 |
|
| 942 | _n0 | ||
| 999 |
_c105138 _d105138 |
||